000 00584nam a2200193 i 4500
001 bg
245 0 _aBudownictwo :
_belementy budynków, dachy, stropy, sufity,schody : zestaw norm /
_cWydawnictwo Normalizacyjne Alfa-Wero.
260 _aWarszawa :
_bAlfa-Wero,
_c[1999].
300 _a122 s. :
_brys.,wykr. ;
_c30 cm.
650 9 _abudownictwo
_xnormalizacja
710 _aWydawnictwo Normalizacyjne Alfa-Wero
020 _a8370018300
040 _cBPK
041 _apol
080 _a692
920 _a83-7001-830-0
942 _cKA
008 s pl f |000 0 pol
999 _c24208
_d24208
856 _uhttp://koha.tu.koszalin.pl/cgi-bin/koha/opac-detail.pl?biblionumber=24208
_yKatalog online BPK